| 000 | 00831cam a2200193 4500 | ||
|---|---|---|---|
| 001 | WB3704-15 | ||
| 008 | 000000n2001 000 0 eng u | ||
| 035 | _a(Sirsi) u110542 | ||
| 245 | _aTop firms to use virtual estate agent | ||
| 260 | _c2001 | ||
| 490 |
_aBuilding _v266(8165) 19 January 2001, 18(1) |
||
| 520 | _aThe UK's top 15 housebuilders are looking towards selling their houses through a virtual estate agent, primelocation.com, instead of merely downloading details onto websites for customers to view. However there are still some problems to overcome before any deal is signed. | ||
| 590 | _aWB | ||
| 650 | _aPROPERTY-RESIDENTIAL PROPERTY-ACQUISITION AND DISPOSAL OF RESIDENTIAL PROPERTY | ||
| 650 | _aHOUSE BUILDERS | ||
| 650 | _aINTERNET SERVICES | ||
| 690 | _aINFORMATION TECHNOLOGY-INTERNET | ||
| 942 | _n0 | ||
| 999 |
_c65897 _d65897 |
||